000 00285nam a22001337a 4500
008 170727b xxu||||| |||| 00| 0 eng d
020 _a9780321499820
041 _aeng
080 _a004
100 _a31
101 _aSHK
245 _aCLASSROOM IN A BOOK
_cJOSE,S
942 _2udc
_cBK
999 _c21988
_d21988